| 000 | 00395 a2200109 4500 | ||
|---|---|---|---|
| 001 | ART_61672 | ||
| 005 | 20260410162057.0 | ||
| 008 | 260409a | ||
| 245 | 1 | 0 | _aConceptos preliminares en torno de la responsabilidad penal del socio no administrador |
| 100 | 1 | _aRobiglio, Carolina L. | |
| 773 | 0 |
_tTemas de derecho penal y procesal penal _g- Año 5, N° 4 (abr. 2023) _wREV60798 |
|
| 999 |
_c36343 _d36343 |
||